| 000 | 00669nam a22002057a 4500 | ||
|---|---|---|---|
| 003 | OSt | ||
| 005 | 20250819052839.0 | ||
| 008 | 250819b |||||||| |||| 00| 0 eng d | ||
| 020 | _a0-8212-2845-5. | ||
| 040 |
_aDWCL-Main lib _cOC |
||
| 082 | _aCirc. 641.5973 O18p 2004 | ||
| 245 |
_a Patrick O'Connell's refined America cuisine : _bthe inn at little Washington/ |
||
| 260 |
_aNew York : _b Bulfinch Press, _c c2004. |
||
| 300 |
_a232 pages : _bcolor illustrations ; _c29cm. |
||
| 504 | _aIncludes index. | ||
| 650 | _a1. Cooking America. | ||
| 650 | _a2. Cooking-Virginia--Washingon. | ||
| 650 | _a3. Inn at little Washington. | ||
| 942 |
_2ddc _cBK-CIRC _kCirc. _n0 |
||
| 999 |
_c4053 _d4053 |
||